BIBLIOTECA PODER JUDICIAL
Portal Judicial TDF

La justicia penal vulnera institutos fundantes del derecho comercial : (Registro nro. 5551)

000 -LEADER
fixed length control field 01406nab a22002417a 4500
003 - CONTROL NUMBER IDENTIFIER
control field OSt
005 - DATE AND TIME OF LATEST TRANSACTION
control field 20251215165034.0
008 - FIXED-LENGTH DATA ELEMENTS--GENERAL INFORMATION
fixed length control field 190429b xxu||||| |||| 00| 0 spa d
040 ## - CATALOGING SOURCE
Transcribing agency PJ
100 ## - MAIN ENTRY--PERSONAL NAME
9 (RLIN) 6529
Personal name Hadad, Lisandro A.
245 10 - TITLE STATEMENT
Title La justicia penal vulnera institutos fundantes del derecho comercial :
Remainder of title acerca de la persona jurídica y su concurso preventivo /
Statement of responsibility, etc Lisandro A. Hadad.
260 ## - PUBLICATION, DISTRIBUTION, ETC. (IMPRINT)
Date of publication, distribution, etc Ciudad Autónoma de Buenos Aires :
Place of publication, distribution, etc Thomson Reuters La Ley,
Name of publisher, distributor, etc 2025.
300 ## - PHYSICAL DESCRIPTION
Extent p. 195-203
500 ## - GENERAL NOTE
General note Cita: AR/DOC/1901/2023.
505 ## - FORMATTED CONTENTS NOTE
Formatted contents note Sumario: I. Introducción.— II. Problemática actual en materia concursal de las personas jurídicas. El ataque desde el derecho penal.— III. El caso Vicentín S.A.I.C.— IV. Probables consecuencias sobre la persona jurídica.— V. El antecedente de la causa "Oil Combustibles S.A.".— VI. Responsabilidad de la persona jurídica en materia penal.— VII. Posibles conclusiones a la problemática planteada.
505 ## - FORMATTED CONTENTS NOTE
Title Si te interesa el texto completo, solicitalo a koha@justierradelfuego.gov.ar
650 #0 - SUBJECT ADDED ENTRY--TOPICAL TERM
9 (RLIN) 217
Topical term or geographic name as entry element PODER JUDICIAL
650 #0 - SUBJECT ADDED ENTRY--TOPICAL TERM
9 (RLIN) 1602
Topical term or geographic name as entry element DERECHO COMERCIAL
650 #0 - SUBJECT ADDED ENTRY--TOPICAL TERM
9 (RLIN) 1753
Topical term or geographic name as entry element CONCURSO PREVENTIVO
650 #0 - SUBJECT ADDED ENTRY--TOPICAL TERM
9 (RLIN) 2625
Topical term or geographic name as entry element PERSONAS JURÍDICAS
773 0# - HOST ITEM ENTRY
Host Biblionumber 2658
Host Itemnumber 3164
Title Revista de derecho penal y criminología. Nº 3 - Abril 2024
Place, publisher, and date of publication Ciudad Autónoma de Buenos Aires : Thomson Reuters La Ley, 2017-
International Standard Serial Number 00347914
942 ## - ADDED ENTRY ELEMENTS (KOHA)
Source of classification or shelving scheme
Koha item type Analítica Artículo de Revista

No hay ítems disponibles.

12 de Octubre 789 Ushuaia - Tel:  54(02901)441571
Horario de Atención: 8.00 a 17.00 hs. 
bibliotecaush@justierradelfuego.gov.ar
koha@justierradelfuego.gov.ar
Seguinos en nuestras redes @bibliojustdf 

Con tecnología Koha